Ricchezza francescana. Dalla povertà volontaria alla società di mercato.

Fautori di una povertà rigorosa ed evangelica, i francescani sono paradossalmente indotti, proprio da questa scelta "scandalosa", a indagare tutte le forme della vita economica che stanno tra povertà estrema e ricchezza eccessiva, distinguendo tra proprietà, possesso temporaneo ed uso dei...

Fuld beskrivelse

Saved in:
Bibliografiske detaljer
Hovedforfatter: Todeschini, Giacomo (autore)
Format: Bog
Sprog:engelsk
Udgivet: Bologna, Italia: Il Mulino, 2004.
Serier:Intersezioni, 268.
Fag:
Tags: Tilføj Tag
Ingen Tags, Vær først til at tagge denne postø!

MARC

LEADER 00000nam a22000007a 4500
003 CL-VaPUC
005 20220822114441.0
008 220324t2004 ||||| |||| 00| 0 eng d
999 |c 435111  |d 435109 
020 |a 88-15-09795-3 
040 |c Pontificia Universidad Católica de Valparaíso 
082 7 |a 261.850973 TOD 2004  |2 22 
100 |a Todeschini, Giacomo  |9 867678  |e autore 
245 |a Ricchezza francescana.   |b Dalla povertà volontaria alla società di mercato.  
260 |a Bologna, Italia:   |b Il Mulino,   |c 2004. 
300 |a 216 páginas.  
490 |a Intersezioni, 268. 
500 |a c.1 Donación Familia Prof. Alejandro Guzmán Brito. 
505 |a Capítulos: - Un’epoca di sviluppo e di organizzazione. - Francesco e i francescani: la scoperta del altrove. - L’uso del mondo: da Narbonne a Genova. - Il mercato come forma della società: da Barcellona a Siena. 
520 |a Fautori di una povertà rigorosa ed evangelica, i francescani sono paradossalmente indotti, proprio da questa scelta "scandalosa", a indagare tutte le forme della vita economica che stanno tra povertà estrema e ricchezza eccessiva, distinguendo tra proprietà, possesso temporaneo ed uso dei beni economici. In che modo i cristiani devono fare un uso appropriato dei beni terreni? Per rispondere a tale interrogativo molti francescani, sin dal Duecento, scrivono sulla circolazione del denaro, sulla formazione dei prezzi, sul contratto e sulle regole del mercato, sottolineando l'importanza dell'investimento socialmente produttivo contro la tesaurizzazione improduttiva. In questo quadro la figura del mercante operoso, colui che sa far fruttare lavorando e commerciando un capitale (di per sé privo di valore), risulta positiva in quanto contribuisce alla crescita della "felicità cittadina", mentre quella del proprietario terriero, del castellano, dell'aristocratico che conserva per sé, tesaurizza e non moltiplica la ricchezza, appare sterile e negativa. La riflessione francescana si pone così all'origine, prima dell'etica protestante studiata da Max Weber, di molta teoria economica europea e in particolare dell'economia politica che considera le ricchezze di coloro che formano la comunità civile una premessa fondamentale del benessere collettivo. 
583 |c 20220324  |k Yessy Stephany Diaz Vidal 
610 |a Franciscanos   |x Historia   |9 869947 
650 |a Economía   |x Aspectos religiosos  |x Iglesia Católica   |9 869948 
942 |2 ddc  |c BK  |n 0 
952 |0 0  |1 0  |2 ddc  |4 0  |6 261_850973000000000_TOD_2004  |7 1  |8 C_AGB  |9 582116  |a BIBDER  |b BIBDER  |d 2022-03-24  |e Donación   |i 5650349  |o 261.850973 TOD 2004  |p 5650349  |r 2023-01-25  |t 1  |w 2022-03-24  |y BK_US  |k AGB